000 00557nam a2200241Ia 4500
003 OSt
005 20220918201922.0
006 a|||||r|||| 00| 0
007 ta
008 220917b |||||||| |||| 00| 0 eng d
024 _a97,477
037 _cTextual
040 _aARTS
_cARTS
_beng
041 _2eng
_aeng
082 _aV2:1:M5, K4
100 _aDatta K K
245 0 _aDawn of renascent India
250 _a2nd
260 _c1964
650 _aHISTORY
942 _hV2:1:M5, K4
_cTEXL
_2CC
999 _c221072
_d221072